Mediterranean and middle east (Record no. 425312)

000 -LEADER
fixed length control field 00533cam a22001457a 4500
008 - FIXED-LENGTH DATA ELEMENTS--GENERAL INFORMATION
fixed length control field 180718b1960 xxu||||| |||| 00| 0 eng d
082 ## - DEWEY DECIMAL CLASSIFICATION NUMBER
Classification number D49x45 P699/3
100 ## - MAIN ENTRY--PERSONAL NAME
Personal name Playfair, I. S. O.
245 ## - TITLE STATEMENT
Title Mediterranean and middle east
Statement of responsibility, etc. by I. S. O. Playfair
260 ## - PUBLICATION, DISTRIBUTION, ETC.
Place of publication, distribution, etc. London
Name of publisher, distributor, etc. Her Majesty's Stationery Office
Date of publication, distribution, etc. 1960
300 ## - PHYSICAL DESCRIPTION
Extent v
500 ## - GENERAL NOTE
General note Contents: v.3. British fortunes reach their lowest (Sept. 1941 to Sept. 1942), 482p
650 ## - SUBJECT ADDED ENTRY--TOPICAL TERM
Topical term or geographic name entry element World War, 1939-1945 --Mediterranean Region
650 ## - SUBJECT ADDED ENTRY--TOPICAL TERM
Topical term or geographic name entry element World War, 1939-1945 --Middle East
Holdings
Withdrawn status Lost status Damaged status Not for loan Permanent Location Current Location Date acquired Full call number Barcode Date last seen Price effective from Koha item type
        Indian Institute of Public Administration Indian Institute of Public Administration 2009-10-07 D49x45 P699/3 21087 2018-07-21 2018-07-21 Book
        Indian Institute of Public Administration Indian Institute of Public Administration 2009-10-08 D49x45 P699 v.2 3136 2018-07-21 2018-07-21 Book
        Indian Institute of Public Administration Indian Institute of Public Administration 2009-10-08 D49x45 P699 v.1 1740 2018-07-21 2018-07-21 Book

Powered by Koha